| 000 | 00649nam a22002297a 4500 | ||
|---|---|---|---|
| 003 | OSt | ||
| 005 | 20140310181802.0 | ||
| 008 | 130703t xxu||||| |||| 00| 0 eng d | ||
| 020 | _a0716660601 | ||
| 050 |
_aG 1021 _b.C536 2005 |
||
| 082 |
_aREF 912 _bC43 1989 |
||
| 245 | _aChildcraft picture atlas | ||
| 260 |
_aUSA : _bWorld Book Inc, _cc1989. |
||
| 300 |
_a288 p. : _b ill. col. ; _c31 cm. |
||
| 500 | _aIncludes index | ||
| 520 | _aAlso published in the United States under the title Childcraft's whole wide world | ||
| 521 | _aBasic Ed. Students | ||
| 541 | _j1 | ||
| 541 | _j2 | ||
| 562 | _e2 | ||
| 942 |
_2lcc _cBK-GR _kREF |
||
| 999 |
_c3637 _d3637 |
||